00741nam a2200229Ia 4500003000400000005001700004008004100021020002200062040000700084041000800091082002200099100003100121245004100152260003900193300001600232365001300248650003100261906005100292942001200343999001900355952013700374OSt20230410163650.0210423s2017 xx 000 0 und d a978-93-860-6286-4 cAL aeng a791.43 223bCHAC aCHATTERJI (Shoma A)985701 aCinema Bimal Roy: an outsider within aNew DelhibSage Publicationsc2017 axvi,239bPB b425cINR aPublic Performances985702 aan ; Bimal ; Cinema ; outsider ; Roy: ; within 2ddccBK c169601d169601 001040708MAENGaSACPGbSACPGd2018-11-27eIntact Bookhouseg425.00l0o791.43 CHACpPG016103r2022-08-24 00:00:00w2021-04-26yBK